000
00276nam a2200085Ia 4500
008
230915s9999 xx 000 0 und d
050
_a
SB172 .B871985
245
0
_a
GLOBAL NEEDS AND PROBLEMS OF THE COLLECTION STORAGE AND DISTRIBUTION OF MULTIPURPOSE TREE GERMPLASM
942
_c
BK
999
_c
201710
_d
201710